000 00922nam a2200205 i 4500
001 181225
003 ES-MaACL
005 20250812224327.0
008 121105s1919 sp |||| | spa d
100 1 _aOrts Aracil, José María.
_987670
245 1 0 _aResolución del problema de Dirichlet en algunos recintos elementales /
_cpor José María Orts.
260 _aMadrid :
_bJunta para Ampliación de Estudios e Investigaciones Científicas,
_c1919.
300 _aP. 53-102 ;
_c24 cm.
490 1 _aPublicaciones del Laboratorio y Seminario Matemático ;
_vt. 3. Memoria 2ª
650 4 _aFunciones de variable compleja.
_9148241
710 2 _aJunta para la Ampliación de Estudios e Investigaciones Científicas.
_95413
830 0 0 _aPublicaciones del Laboratorio y Seminario Matemático
_vt. 3. Memoria 2ª
_9191411
852 _aES-MaACL
_jB-13178(2)
_z.- Enc. en vol. facticio
999 _c181225
_d181225